| 000 | 01372cam a22003495a 4500 | ||
|---|---|---|---|
| 001 | 014921455 | ||
| 003 | OSt | ||
| 005 | 20180326115121.0 | ||
| 008 | 090224r20152009enk frb 001 0 eng d | ||
| 015 |
_aGBA923325 _2bnb |
||
| 016 | 7 |
_a014921455 _2Uk |
|
| 020 | _a9781845283674 (pbk.) | ||
| 020 | _a1845283678 (pbk.) | ||
| 040 |
_aStDuBDS _beng _cStDuBDS _dUk _dEG-ScBUE |
||
| 082 | 0 | 4 |
_a001.42 _bDAW _222 |
| 100 | 1 | _aDawson, Catherine. | |
| 245 | 1 | 0 |
_aIntroduction to research methods : _ba practical guide for anyone undertaking a research project / _cCatherine Dawson. |
| 246 | 3 | 0 | _aResearch methods |
| 250 | _a4th ed. Reprinted ed. | ||
| 260 |
_aOxford : _bHow To Books / Robinson / Brown Book Group, _c2015.. |
||
| 300 |
_ax, 166 p. ; _c24 cm. |
||
| 500 | _aPrevious ed.: published as A practical guide to research methods. 2007. | ||
| 500 | _a"All students should read this. I've completed the research for my dissertation and it was much easier than i thought, thanks to this book." Reader Review -- cover title. | ||
| 500 | _aReprint of the 2009 4th ed. | ||
| 504 | _aIncludes bibliographical references and index. | ||
| 650 | 7 |
_aResearch _xMethodology. _2BUEsh |
|
| 651 | _2BUEsh | ||
| 653 |
_bENGCIV _bHHUUEENN _bGGEN _cMarch2018 |
||
| 655 |
_vText book _933728 |
||
| 700 | 1 |
_aDawson, Catherine. _tPractical guide to research methods. |
|
| 942 | _2ddc | ||
| 999 |
_c26399 _d26371 |
||